Every Song by the Velvet Underground - Statistics

General Stats
  • This quiz has been taken 126 times
  • The average score is 27 of 86
Answer Stats
Album Song % Correct
The Velvet Underground & Nico(1967) Heroin
90%
The Velvet Underground & Nico(1967) Sunday Morning
90%
The Velvet Underground & Nico(1967) Femme Fatale
85%
White Light/White Heat(1968) White Light/White Heat
84%
The Velvet Underground & Nico(1967) Venus in Furs
79%
The Velvet Underground & Nico(1967) I'm Waiting for the Man
78%
The Velvet Underground(1969) Pale Blue Eyes
78%
The Velvet Underground & Nico(1967) I'll Be Your Mirror
76%
The Velvet Underground & Nico(1967) All Tomorrow's Parties
71%
Loaded(1970) Sweet Jane
71%
The Velvet Underground(1969) Candy Says
70%
The Velvet Underground & Nico(1967) Run Run Run
69%
The Velvet Underground & Nico(1967) European Son
66%
Loaded(1970) Rock & Roll
66%
The Velvet Underground(1969) After Hours
65%
White Light/White Heat(1968) Sister Ray
65%
The Velvet Underground & Nico(1967) The Black Angel's Death Song
62%
The Velvet Underground(1969) Jesus
57%
The Velvet Underground & Nico(1967) There She Goes Again
56%
The Velvet Underground(1969) What Goes On
56%
VU(1985) Stephanie Says
53%
White Light/White Heat(1968) The Gift
53%
Loaded(1970) Who Loves the Sun
53%
White Light/White Heat(1968) Lady Godiva's Operation
52%
The Velvet Underground(1969) The Murder Mystery
52%
The Velvet Underground(1969) Beginning to See the Light
47%
White Light/White Heat(1968) Here She Comes Now
45%
Loaded(1970) Oh! Sweet Nuthin'
43%
The Velvet Underground(1969) I'm Set Free
38%
White Light/White Heat(1968) I Heard Her Call My Name
37%
Loaded(1970) Lonesome Cowboy Bill
35%
1969: The Velvet Underground Live(1974) Ocean
35%
The Velvet Underground(1969) Some Kinda Love
34%
Loaded(1970) I Found a Reason
31%
VU(1985) I'm Sticking with You
31%
Loaded(1970) New Age
31%
The Velvet Underground(1969) That's the Story of My Life
30%
1969: The Velvet Underground Live(1974) Lisa Says
29%
VU(1985) Andy's Chest
27%
Loaded(1970) Cool It Down
24%
Another View(1986) Ride Into the Sun
24%
Loaded(1970) Train Round the Bend
24%
VU(1985) Foggy Notion
20%
Loaded(1970) Head Held High
19%
1969: The Velvet Underground Live(1974) I Can't Stand It
19%
Another View(1986) Hey Mr. Rain
17%
Squeeze(1971) Caroline
16%
VU(1985) She's My Best Friend
16%
Live MCMXCIII(1993) Coyote
15%
Peel Slowly and See(1995) I Love You
15%
VU(1985) Temptation Inside Your Heart
15%
Another View(1986) Guess I'm Falling In Love
14%
1969: The Velvet Underground Live(1974) Over You
14%
Another View(1986) I'm Gonna Move Right In
13%
Another View(1986) Ferryboat Bill
12%
Peel Slowly and See(1995) Booker T.
10%
Another View(1986) Coney Island Steeplechase
10%
Live MCMXCIII(1993) Velvet Nursery Rhyme
10%
Squeeze(1971) Friends
10%
Peel Slowly and See(1995) Melody Laughter
10%
1969: The Velvet Underground Live(1974) Sweet Bonnie Brown (It's Just Too Much)
10%
Peel Slowly and See(1995) Countess from Hong Kong
9%
Squeeze(1971) Louise
9%
Peel Slowly and See(1995) Sad Song
9%
1969: The Velvet Underground Live(1974) We're Gonna Have a Real Good Time Together
9%
Bootleg Series Volume 1: The Quine Tapes(2001) Follow the Leader
8%
Peel Slowly and See(1995) I'm Not Too Sorry (Now That You're Gone)
8%
Squeeze(1971) Little Jack
8%
VU(1985) One of These Days
8%
Peel Slowly and See(1995) Prominent Men
8%
Peel Slowly and See(1995) Wrap Your Troubles in Dreams
8%
Squeeze(1971) Crash
7%
Squeeze(1971) Dopey Joe
7%
Peel Slowly and See(1995) It's All Right (The Way That You Live)
7%
Squeeze(1971) Jack & Jane
7%
Squeeze(1971) She'll Make You Cry
7%
Peel Slowly and See(1995) Sheltered Life
7%
Peel Slowly and See(1995) There is No Reason
7%
Peel Slowly and See(1995) Oh Gin
6%
Squeeze(1971) Wordless
6%
Squeeze(1971) Mean Old Man
5%
Squeeze(1971) Send No Letter
5%
Final V.U. 1971–1973(2001) Pretty Tree Climber
3%
Final V.U. 1971–1973(2001) Spare Change
3%
Peel Slowly and See(1995) Walk and Talk
3%
Final V.U. 1971–1973(2001) Hold On
2%
No matching quizzes found
Score Distribution
Percent of People with Each Score
Percentile by Number Answered
Your Score History
You have not taken this quiz